000 00729nam a2200241 a 4500
999 _c5757
_d5757
001 5757
003 BD-JhCC
005 20191022134018.0
008 171003s2007 bg |||| ||a| 000 0 ben d
020 _a9789844042889
035 _a(BD-JhCC)5757
040 _aBD-JhCC
_dBD-JhCC
041 _aben
082 _a891.443
_bIQB 2007
100 _aইকবাল, মুহাম্মদ জাফর
245 _aলাবু এলো শহরে /
_cমুহাম্মদ জাফর ইকবাল
260 _aঢাকা.
_bঅনুপম প্রকাশনী,
_c2007.
300 _a110 p. :
_c21 cm.
650 _aBengali Jouvenile Novel
651 _aBangladesh
942 _2ddc
_cBK
_02